000 00368cam a2200157ua 4500
041 _aeng
_h
082 _a828.09
_bALV/SC
100 _aAlvarez, A .
245 _aSchool of Donne /
_cA Alvarez.
_hTextual Documents
250 _a1 /
_b.
260 _aLondon :
_bChatto and Windus ,
_c1962.
300 _a202 ; .
504 _a
942 _cBK
999 _c3551
_d3551